Da Asia de Diogo de Couto (Record no. 153312)
[ view plain ]
| 000 -LEADER | |
|---|---|
| campo de control de longitud fija | 00841nam a2200217 i 4500 |
| 001 - NÚMERO DE CONTROL | |
| campo de control | 153312 |
| 003 - IDENTIFICADOR DE NÚMERO DE CONTROL | |
| campo de control | ES-MaACL |
| 005 - FECHA Y HORA DE LA ÚLTIMA TRANSACCIÓN | |
| campo de control | 20250829064107.0 |
| 008 - DATOS DE LONGITUD FIJA--INFORMACIÓN GENERAL | |
| campo de control de longitud fija | 931025s1786 po |||| | por d |
| 100 1# - ENTRADA PRINCIPAL--NOMBRE DE PERSONA | |
| Nombre de persona | Couto, Diogo do. |
| 9 (RLIN) | 41324 |
| 245 10 - MENCIÓN DEL TÍTULO | |
| Título | Da Asia de Diogo de Couto |
| Resto del título | : dos feitos que os portuguezes fizeram na conquista e descubrimento das terras e mares do Oriente : decada oitava. |
| 260 ## - PUBLICACIÓN, DISTRIBUCIÓN, ETC. | |
| Lugar de publicación, distribución, etc. | Lisboa : |
| Nombre del editor, distribuidor, etc. | na Regie Officina Typografica, |
| Fecha de publicación, distribución, etc. | 1786. |
| 300 ## - DESCRIPCIÓN FÍSICA | |
| Extensión | [14], 485 p. ; |
| Dimensiones | 8º. |
| 500 ## - NOTA GENERAL | |
| Nota general | Continuación de Da Asia de João de Barros. |
| 597 ## - NOTA DE DESCRIPCIÓN FÍSICA | |
| NOTA DE DESCRIPCIÓN FÍSICA | Sign.: [ ]7, A-Z8, 2A-2G8, 2H3. |
| 597 ## - NOTA DE DESCRIPCIÓN FÍSICA | |
| NOTA DE DESCRIPCIÓN FÍSICA | Port. con esc. xil. |
| 650 07 - PUNTO DE ACCESO ADICIONAL DE MATERIA--TÉRMINO DE MATERIA | |
| Término de materia o nombre geográfico como elemento de entrada | Descubrimientos geográficos portugueses |
| Fuente del encabezamiento o término | embne |
| 9 (RLIN) | 11832 |
| 700 1# - ENTRADA AGREGADA--NOMBRE PERSONAL | |
| Nombre de persona | Barros, João de, |
| Fechas asociadas al nombre | 1496-1570 |
| 9 (RLIN) | 26048 |
| 852 ## - LOCALIZACIÓN | |
| Ubicación | ES-MaACL |
| Número de control de estantería | R-1972 |
| Nota libre | -- Enc. hol. |
| Estatus retirado | Estado de pérdida | Estado de daño | No para préstamo | Colección | Biblioteca de origen | Biblioteca actual | Ubicación en estantería | Fecha de adquisición | Fuente de adquisición | Total de préstamos | Signatura topográfica completa | Código de barras | Visto por última vez | Precio de reemplazo | Tipo de ítem Koha |
|---|---|---|---|---|---|---|---|---|---|---|---|---|---|---|---|
| Libros del s. XVIII | Biblioteca del Ateneo de Madrid | Biblioteca del Ateneo de Madrid | Depósito | 17/01/2008 | R-1972 | 1160220 | 23/02/2023 | 23/02/2023 | Libro impreso antiguo |
